000 00652nam a2200193 u 4500
001 000055265
005 20200120223037.0
008 110301s2006 ck ag gr 000 0 spa d
041 0 _a* spa
082 0 4 _a783
_bG65
_221
100 1 _aGonzález Beltrán, José Libardo
245 1 0 _aEl manual de la voz hablada y cantada :
_btécnica vocal - impostación de la voz - gramática musical - solfeo /
_cJosé Libardo González Beltrán.
250 _a1a. ed.
260 _aBogotá :
_b[Joseph L. Gonbelt],
_c2006.
300 _a77 p. :
_bpartituras.
650 1 4 _aMúsica
_xEnseñanza
_vPartituras.
650 2 4 _aTécnica vocal
650 2 4 _aCanto
_xEnseñanza
999 _c4828
_d4828